| 000 | 00000nas 2200000za 4500 |
| 001 | 9.504442 |
| 003 | CaOODSP |
| 005 | 20241203113633 |
| 007 | cr ||||||||||| |
| 008 | 150406c19909999onc x m o||||f| |0eng|d |
| 040 | |aCaOODSP|beng |
| 043 | |an-cn--- |
| 086 | 1 |aEn40-215E-PDF |
| 245 | 00|aPriority substances list assessment report |h[electronic resource]. |
| 260 | |aOttawa : |bEnvironment Canada, |c1990- |
| 310 | |aIrregular |
| 362 | 1 |aNo. 1- |
| 500 | |aAt head of title: Canadian Environmental Protection Act, 1999. "The Canadian Environmental Protection Act, 1999 (CEPA 1999) requires the federal Ministers of the Environment and of Health to prepare and publish a Priority Substances List (PSL) that identifies substances, including chemicals, groups of chemicals, effluents and wastes, that may be harmful to the environment or constitute a danger to human health."--Introduction. |
| 500 | |aIssued also in French under title: |
| 520 | 3 |aThis series examines various substances to determine whether they are toxic. Each report summarizes the information used, based on a wide range of research, to determine whether a substance is toxic under the definitions of the Canadian Environmental Protection Act. Includes detailed references. |
| 550 | |a1990-1992 issued by Environment Canada and Health and Welfare Canada (called 1993- Health Canada). |
| 692 | 07|2gccst|aHazardous materials |
| 692 | 07|2gccst|aEnvironmental impact assessment |
| 710 | 1 |aCanada. |bEnvironment Canada. |
| 710 | 1 |aCanada. |bHealth and Welfare Canada. |
| 775 | 08|tListe des substances d'intérêt prioritaire, rapport d'évaluation |w(CaOODSP)9.500862 |
| 776 | 0#|tPriority substances list assessment report / |w(CaOODSP)9.514568 |